Cyclsime : Français qui ont fait le Triplé !!! - Statistiques

Statistiques générales
  • Ce quiz a été pris 85 fois
  • Le résultat moyen est 5 sur 9
Statistiques - réponses
Nb Dernières Victoire Nombre de Victoires Prénoms Noms % Correct
1 2019 6 Thibault Pinot
100%
2 2001 25 Laurent Jalabert
94%
7 1986 41 Bernault Hinault
88%
9 1964 23 Jacques Anquetil
76%
3 1992 13 Laurent Fignon
68%
6 1990 8 Jean-François Bernard
35%
5 1991 6 Charly Mottet
35%
8 1967 10 Jean Stablinski
18%
4 1992 8 Thierry Marie
14%
Aucun quiz correspondant
Distribution des résultats
% des personnes avec chaque résultat
Percentile par nombre de réponses
Votre historique - résultats
Vous n’avez pas pris ce quiz